مكتبة جامعة عجلون الوطنية

فهرس بحث المكتبة

Normal view MARC view
  • شركات الادوية-ادارة الاعمال-تنظيم

Entry Topical Term

Number of records used in: 1

001 - CONTROL NUMBER

  • control field: 62468

003 - CONTROL NUMBER IDENTIFIER

  • control field: JO-AjAnu

005 - DATE AND TIME OF LATEST TRANSACTION

  • control field: 20230606084213.0

008 - FIXED-LENGTH DATA ELEMENTS

  • fixed length control field: 230606|| aca||aabn | a|a d

040 ## - CATALOGING SOURCE

  • Original cataloging agency: JO-AjAnu
  • Transcribing agency: JO-AjAnu

150 ## - HEADING--TOPICAL TERM

  • Topical term or geographic name entry element: شركات الادوية-ادارة الاعمال-تنظيم

670 ## - SOURCE DATA FOUND

  • Source citation: Work cat.: (JO-AjAnu)31856: إعداد السويطي، دعاء خالد صالح؛ إشراف محمود علي الروسان , author 62467, أثرالذكاء الاصطناعي على تحقيق الفاعلية التنظيمية في شركات الأدوية الأردنية =The Impact of Artifical Intelligence on Achieving Organiztional Effectiveness at Jordanian pharmaceutical Companies